Najlepsze Kluby Piłkarskie 2023 - Statystyki

Ogólne statystyki
  • Ten quiz został rozwiązany 560 razy
  • Średni wynik to 13 z 15
Statystyki odpowiedzi
Hint Odpowiedź % Poprawnych
Hiszpania Real Madryt
96%
Anglia Manchester City
94%
Hiszpania Barcelona
93%
Anglia Manchester United
92%
Anglia Liverpool
89%
Niemcy Bayern
88%
Anglia Arsenal
87%
Włochy Juventus
87%
Niemcy Borussia
85%
Hiszpania Atletico Madryt
82%
Włochy Inter Mediolan
81%
Anglia Chelsea
80%
Włochy AC Milan
79%
Włochy Napoli
79%
Francja Paris Saint-Germain
60%
Nie znaleziono quizów pasujących do podanych kryteriów
Rozkład punktacji
Procent ludzi z każdym wynikiem
Percentyl według liczby udzielonych odpowiedzi
Twoja historia wyników
Nie rozwiązałeś tego quizu